US States That Border 2 Or Fewer States - Statistics

General Stats
  • This quiz has been taken 149 times
  • The average score is 6 of 7
Answer Stats
Answer % Correct
Alaska
98%
Maine
98%
Hawaii
97%
Rhode Island
92%
Washington
88%
Florida
86%
South Carolina
57%
No matching quizzes found
Score Distribution
Percent of People with Each Score
Percentile by Number Answered
Your Score History
You have not taken this quiz